| 000 | 00377nam a2200145Ia 4500 | ||
|---|---|---|---|
| 008 | 100415s9999 xx 000 0 und d | ||
| 082 |
_b6990 _a770 |
||
| 100 | _aCash J Allan | ||
| 245 | _aPhotography with a Leica | ||
| 260 |
_aLONDON _c1949 _bTHE FOUNTAIN PRESS |
||
| 365 | _b0 | ||
| 630 | _aPhotography with a Leica | ||
| 730 | _aPhotography with a Leica | ||
| 942 | _cBOOK | ||
| 999 |
_c589952 _d589949 |
||